Masovian Voivodeship - Districts - Statistics

General Stats
  • This quiz has been taken 10 times
  • The average score is 8 of 42
Answer Stats
Hint Answer % Correct
W Warsaw
86%
O Ostrołęka
57%
P Płock
57%
R Radom
57%
L Legionowo
43%
P Pruszków
43%
S Siedlce
43%
W Wołomin
43%
G Grodzisk mazowiecki
29%
M Mińsk mazowiecki
29%
P Płońsk
29%
Ż Żyrardów
29%
B Białobrzegi
14%
C Ciechanów
14%
G Garwolin
14%
G Grójec
14%
N Nowy dwór mazowiecki
14%
O Ostrołęka city
14%
O Ostrów Mazowiecką
14%
O Otwock
14%
P Piaseczno
14%
P Płock city
14%
P Przasnysz
14%
P Pułtusk
14%
R Radom city
14%
S Siedlce city
14%
S Sokołów podlaski
14%
W West warsaw
14%
W Wyszków
14%
G Gostynin
0%
K Kozienice
0%
L Lipsko
0%
Ł Łosice
0%
M Maków mazowiecki
0%
M Mława
0%
P Przysucha
0%
S Sierpc
0%
S Sochaczew
0%
S Szydłowiec
0%
W Węgrów
0%
Ż Żuromin
0%
Z Zwoleń
0%
No matching quizzes found
Score Distribution
Percent of People with Each Score
Percentile by Number Answered
Your Score History
You have not taken this quiz